000 00827nam a2200253Ia 4500
003 OSt
005 20220930092136.0
006 a|||||r|||| 00| 0
007 ta
008 220926b |||||||| |||| 00| 0 eng d
024 _a12435
037 _cTheses
040 _aCRL
_cCRL
_beng
041 _2eng
_aeng
100 _aChakraborty Abhishek
_9547960
110 _aUniversity of Delhi. Faculty of Medical Science. Department of Pediatrics
245 0 _aMorbidity pattern and user satisfaction among the adolescents admitted in general pediatrics ward
260 _c2013
650 _aMEDICINE
700 _a Basu Srikanta Gu.
_9547961
700 _aUniversity of Delhi. Faculty of Medical Science. Department of Pediatrics
942 _cDIS
_2CC
999 _c883300
_d883300